Club Can’t Handle Me - Flo Rida Feat. David Guetta - All Lyrics - Statistics

General Stats
  • This quiz has been taken 71 times
  • The average score is 383 of 575
Answer Stats
Answer % Correct
out
98%
can
97%
can't
97%
Can’t
97%
club
97%
club,
97%
handle
97%
Hey
97%
hey!
97%
I
97%
no
97%
No
97%
out,
97%
(Yeah,
97%
yeah,
97%
yeah)
97%
yeah
97%
Yeah!
97%
(Yeah)
97%
a
95%
me
95%
me,
95%
right
95%
right,
95%
even
94%
now
94%
now,
94%
now?
94%
now!
94%
The
94%
the
94%
ya
94%
You
94%
you
94%
go
89%
Go
89%
go,
89%
know
89%
how
88%
to
88%
here,
83%
out
83%
out,
83%
outta
83%
and
81%
make
81%
as
78%
zone
78%
Whatchu
77%
all
75%
All
75%
stop
73%
'em
72%
stare
69%
do
67%
Watchin'
64%
watchin'
64%
watchin',
64%
zone
59%
Zone
59%
it,
56%
it
56%
it!
56%
ready?
56%
ready!
56%
ready
56%
your
55%
your,
55%
don't
53%
let
53%
I'm
52%
I’m
52%
Are
50%
let's
48%
Let's
48%
Let’s
48%
night
48%
so
48%
get
47%
my
47%
own
47%
got
45%
Got
45%
up!)
44%
up
44%
up!
44%
it's
42%
like
42%
on
42%
that
42%
when
42%
who
42%
need
41%
We
41%
of
39%
be
38%
girl?
38%
in
38%
down!
36%
hands
34%
(Put
34%
put
34%
Put
34%
this
34%
show
33%
their
33%
they
33%
They
33%
control
31%
man,
31%
too
31%
help
30%
just
28%
more
28%
More
28%
Take
28%
that's
28%
That’s
28%
want,
28%
am
27%
said
27%
feelin'
25%
girls
25%
off
25%
baby
23%
'cause
23%
come
23%
Gotta
23%
lady
23%
party
23%
around
22%
blow
22%
body
22%
attention
20%
Bowl
20%
ladies'
20%
much
20%
One
20%
Paparazzi
20%
rockin',
20%
shut
20%
world
20%
Bottles,
19%
money,
19%
money
19%
atmosphere
17%
both
17%
everybody
17%
feeling
17%
felt
17%
Look
17%
models,
17%
rollin',
17%
Still
17%
tell
17%
arrogant
16%
K.O.
16%
myself,
16%
new
16%
ridiculous
16%
run
16%
Scream
16%
building,
14%
business
14%
Fly
14%
gone
14%
many,
14%
Scarface
14%
tryna
14%
walk
14%
Ball
13%
Celebrate
13%
celebrate
13%
clothes
13%
hard,
13%
Life
13%
over
13%
takin'
13%
'til
13%
Bring
11%
holdin',
11%
ice,
11%
lights,
11%
pose
11%
rounds,
11%
shots,
11%
Super
11%
Ten
11%
wild,
11%
wild
11%
Came
9%
door
9%
Stuntin'
9%
switch
9%
wantin'
9%
big
8%
cash
8%
Talk
8%
chairs
6%
Confetti,
6%
globe
6%
groupies
6%
Lear
6%
playa
6%
standin'
6%
twelve
6%
hype,
5%
Tip
5%
finale
3%
Grand
3%
melt
3%
No matching quizzes found
Score Distribution
Percent of People with Each Score
Percentile by Number Answered
Your Score History
You have not taken this quiz